00730nas a2200229Ia 4500001001100000003000900011008004100020040001300061040001300074041001300087100004400100210001100144222001100155245008300166250001100249260002600260501008600286300001900372362002600391500004700417650003600464R008/F7665IT-RoPAU151124c99999999xx |||||||||||| ||und|| aIT-RoPAU cIT-RoPAU aITALIANO aPistoia MarcogCodice Aut. SPICS: 29740 aGARAGE aGarage aGARAGE, ANNO 06-N.13 (1999)bScarpe di Nanni: Bianca E Il Paradigma Morettiano a1a ed. aTORINObPARAVIAc1999 bPaulus - SPICS - Società San Paolo EM (non-commercial uses only)cCopyright2015 a7 p. [103-109] aANNO 006, N.13 (1999) aRiflessioni Sul Cinema di Moretti: Bianca. aCINEMAvPUBBLICAZIONE PERIODICA